Statistics for The World's 100 Most Powerful Women

Click here to take the quiz!

General Stats

  • This quiz has been taken 148 times
  • The average score is 12 of 100

Answer Stats

CountryProfessionAnswer% Correct
7.United StatesFirst LadyMichelle Obama
86%
1.GermanyChancellorAngela Merkel
85%
2.United StatesSecretary of StateHillary Clinton
83%
11.United StatesEntrepreneur/TV PersonalityOprah Winfrey
80%
32.United StatesActress/Entrepreneur/MusicianBeyonce Knowles
48%
40.ColombiaMusician/PersonalityShakira
41%
6.IndiaIndian National CongressSonia Gandhi
41%
47.United StatesComedian/Personality/PhilanthropistEllen DeGeneres
39%
66.United StatesActress/PhilanthropistAngelina Jolie
36%
78.United KingdomAuthorJ.K. Rowling
36%
14.United StatesMusician/PhilanthropistLady Gaga
36%
4.United StatesFoundation Co-ChairMelinda Gates
32%
26.United KingdomMonarchQueen Elizabeth II
32%
3.BrazilPresidentDilma Rousseff
30%
38.United StatesActress/MusicianJennifer Lopez
28%
28.United StatesHouse of RepresentativesNancy Pelosi
28%
83.BrazilSupermodelGisele Bundchen
26%
51.United StatesEditor-in-ChiefAnna Wintour
25%
16ArgentinaPresidentCristina Fernandez de Kirchner
23%
57.United StatesPresidentAbigail Johnson
17%
56.TaiwanCo-Founder/ChairCher Wang
17%
23.United StatesTV AnchorDiane Sawyer
17%
82.LiberiaPresidentEllen Johnson Sirleaf
17%
37.ChinaDirector-GeneralMargaret Chan
17%
10.United StatesC.O.OSheryl Sandberg
16%
9.United StatesHomeland Security SecretaryJanet Napolitano
15%
43.United StatesChairmanAlice Walton
13%
27.AustraliaPrime MinisterJulia Gillard
13%
29.United StatesEditor-In-ChiefArianna Huffington
12%
34.New ZealandAdministrator, UN Development ProgrammeHelen Clark
12%
75.ColombiaActress/EntrepreneurSofia Vergara
12%
60.AustraliaCEOGail Kelly
11%
77.United StatesEditor-in-ChiefTina Brown
11%
19.BurmaChair and ParliamentarianAung San Suu Kyi
10%
8.FranceManaging DirectorChristine Lagarde
10%
67.ItalyFashion DesignerMiuccia Prada
10%
33.United StatesFashion DesignerDiane Von Furstenberg
9%
94.United StatesTV AnchorGreta Van Susteren
9%
12.United StatesChariman/CEOIndra Nooyi
9%
20.BrazilCEOMaria das Gracas Silva Foster
9%
49.United StatesFounder and ChairLaurene Powell Jobs
8%
35.AustraliaExecutive ChairmanGeorgina Rinehart
7%
76.SingaporeCEOHo Ching
7%
5.United StatesExecutive EditorJill Abramson
7%
21.United StatesCEOMarissa Mayer
7%
18.United StatesCEOMeg Whitman
7%
22.United StatesCo-Chair/PresidentAnne Sweeney
6%
53.United StatesChief International CorrespondentChristiane Amanpour
6%
61.United StatesFDA CommissionerMargaret Hamburg
6%
36.United StatesCo-ChairmanAmy Pascal
5%
99.United StatesGlobal Vice ChairBeth Brooke
5%
63.United StatesPresidentDrew Gilpin Faust
5%
89.United StatesCo-FounderWeli Dai
5%
13.United StatesCharman/CEOIrene Rosenfeld
4%
58.United StatesChief Technology and Strategy OfficerPadmasree Warrior
4%
17.United StatesCharman/CEOUrsula Burns
4%
31.United StatesDepartment of Health and Human Service SecretaryKathleen Sebelius
3%
41.United StatesSVPMary Barra
3%
48.United StatesPresident/CFOSafra Catz
3%
30.ThailandPrime MinisterYingluck Shinawatra
3%
71.MalawiPresidentJoyce Band
2%
44.United StatesCEOLaura Lang
2%
84.United StatesGeneral PartnerMary Meeker
2%
65.United StatesSecurities and Exchange Commission ChairMary Schapiro
2%
54.SpainInvestor/PhilanthropistRosalia Mera
2%
15.United StatesPresident/CEOVirginia Rometty
2%
64.IsraelInvestorShari Arison
1%
42.ChinaCofounder, CEOZhang Xin
1%
45.United StatesCEOAngela Ahrendts
0%
24.United StatesCEOAngela Braly
0%
73.United StatesChairmanBonnie Hammer
0%
68.United StatesCEOCarol Meyrowitz
0%
59.IndiaManaging Director/CEOChanda Kochhar
0%
79.ChinaPhilanthropistChan Laiwa
0%
74.SingaporeCEOChua Sock Koong
0%
55.United StatesCEOCynthia Carroll
0%
62.United StatesChairman/CEOEllen Kullman
0%
69.United StatesWorld Food Programme Executive DirectorErtharin Cousin
0%
93.TurkeyChairman/Managing DirectorGuler Sabanci
0%
52.United StatesPresident/CEOHelene Gayle
0%
88.United StatesPresidentJan Fields
0%
98.United StatesPresidentJudith Rodin
0%
80.IndiaFounder/ChairKiran Mazumdar-Shaw
0%
86.United StatesCEOMarjorie Scardino
0%
95.United StatesCEOMary Callahan Erdoes
0%
96.United StatesCEOMindy Grossman
0%
81.NigeriaMinister of FinanceNgozi Okonjo-Iweala
0%
97.United StatesChairman/CEO/PresidentPatricia Woertz
0%
90.United StatesPresident/CEORisa Lavizzo-Mourey
0%
50.United StatesPresident/CEORosalind Brewer
0%
85.KuwaitCEOShaikha Al-Bahar
0%
92.United Arab EmiratesMinister of Foreign TradeSheikha Lubna Al Qasimi
0%
100.QatarChairSheikha Mayassa Al Thani
0%
39.United StatesCEOSheri McCoy
0%
87.Hong KongFoundation DirectorSolina Chau
0%
72.IndonesiaManaging DirectorSri Muyani Indrawati
0%
70.CanadaExecutive DirectorSue Gardner
0%
46.United StatesPresidentSue Naegle
0%
91.ChinaChairSun Yafang
0%
25.United StatesSenior Vice PresidentSusan Wojcicki
0%

Score Distribution

Percentile by Number Answered

Percent of People with Each Score

Your Score History

You have not taken this quiz